Kliknij państwo Europejskie które... - Statystyki

Ogólne statystyki
  • Ten quiz został rozwiązany 81 razy
  • Średni wynik to 24 z 45
Statystyki odpowiedzi
Hint Odpowiedź % Poprawnych
Jest największe Rosja
98%
Amsterdam to jego stolica Holandia
85%
Jest najmniejsze Watykan
85%
Ma w środku inne państwo Włochy
85%
Państwo do której należy największa wyspa świata Dania
83%
Graniczy z Rosją przez obwód kaliningradzki Polska
83%
Graniczy z państwem Afrykańskim Hiszpania
80%
Państwo uznawane przez najmniejszą ilość państw Kosowo
78%
Państwo wyspiarskie najbliżej Afryki Malta
78%
Panuje tam wojna Ukraina
76%
Graniczy i z Hiszpanią i z Francją Andora
73%
Ma na fladze te same kolory co Niemcy Belgia
73%
Państwo z cząstką północny/a Macedonia
73%
Jego stolica to oslo Norwegia
73%
Najbliżej Grenlandii Islandia
68%
Często mylone z Anglią Wielka Brytania
68%
Stolica to Tirana Albania
66%
Stolica to Zagrzeb Chorwacja
66%
Serbia Serbia
66%
Ma taką flagę jak Czad Rumunia
63%
Jest enklawą San Marino
61%
Czarnogóra Czarnogóra
59%
Graniczy z Danią Niemcy
59%
Jego flaga to odwrotność krzyża pogotowia Szwajcaria
56%
Ma flagę podobną do Holandii ale ma inny odcień niebieskiego Luksemburg
54%
Graniczy z Wielką Brytanią Irlandia
49%
Graniczy z Norwegią i z Finlandią Szwecja
49%
Jest tam miasto Brno Czechy
46%
Graniczy z Ukrainą ale to nie Białoruś Mołdawia
44%
Graniczy tylko z jednym państwem ale nie chodzi o danię Portugalia
41%
Graniczy tylko z Włochami i z Francją Monako
37%
Graniczy z tym państwem od południa i kończy się na a Słowacja
37%
Zaczyna się na sło Słowenia
37%
Kończy się na landia Finlandia
34%
Ma trzy słowa w pełnej nazwie Bośnia
32%
Graniczy z tym państwem od południa Węgry
32%
Graniczy z tym państwem Austria
27%
Graniczy z Turcją Bułgaria
27%
Graniczy z Łotwą Estonia
27%
Zaczyna się na literę L Liechtenstein
22%
Istnieje tam miasto poniewież Litwa
22%
Ma unikalny kolor na fladze Łotwa
22%
Graniczy z Polską Białoruś
20%
Z stolicą na wyspie ale nie jest państwem wyspiarskim Grecja
10%
Ostatnie państwo Francja
7%
Nie znaleziono quizów pasujących do podanych kryteriów
Rozkład punktacji
Procent ludzi z każdym wynikiem
Percentyl według liczby udzielonych odpowiedzi
Twoja historia wyników
Nie rozwiązałeś tego quizu